| 000 | 00870am a2200313a 44500 | ||
|---|---|---|---|
| 003 | AR-BaBNM | ||
| 005 | 20251128204805.0 | ||
| 008 | 295119s1988 #AR|||||||||||000 | esp|| | ||
| 020 | _a968-16-2757-1 | ||
| 040 | _cAR-BaBNM | ||
| 100 | 1 | _aMialaret, Gastón | |
| 245 | 1 | 0 | _aLa pedagogía experimental |
| 250 | _a1ª ed. | ||
| 260 |
_aMéxico, D.F. _bFondo de Cultura Económica _c1988 |
||
| 300 |
_a144 p. _bcuadros, tablas, gráfs. |
||
| 490 | 0 |
_aBreviarios _vv. 459 |
|
| 500 | _aTraducción de Antonio Garst | ||
| 504 | _aBibliografía en p. 141 | ||
| 650 | 4 | _aAPRENDIZAJE | |
| 650 | 4 | _aPRAXIS EDUCATIVA | |
| 650 | 4 | _aTECNICAS DIDACTICAS | |
| 650 | 4 | _aMETODOS DE FORMACION | |
| 650 | 4 | _aMETODO INDUCTIVO | |
| 650 | 4 | _aMETODO DEDUCTIVO | |
| 650 | 4 | _aCRITERIOS DE INVESTIGACION | |
| 653 | _aESTRATEGIAS EDUCATIVAS | ||
| 942 | _cBK | ||
| 998 | _cGLORIA | ||
| 999 |
_c8838 _d8838 |
||